Olivia Rodrigo - Obsessed Lyrics - Statistics

General Stats
  • This quiz has been taken 845 times
  • The average score is 296 of 342
Answer Stats
Lyrics % Correct
I
100%
you
99%
You
99%
be
98%
She
98%
she
98%
I'm
97%
know
97%
obsessed
97%
so
97%
with
97%
your
97%
ex
96%
her
95%
in
94%
love
94%
she's
94%
She's
94%
bed
93%
it
93%
my
93%
on
93%
side
93%
And
92%
and
92%
been
92%
of
92%
think
92%
about
91%
can
90%
ever
89%
friends
89%
me
89%
star
89%
every
88%
asleep
87%
at
87%
If
87%
if
87%
told
87%
But
86%
sign
86%
best
85%
blood
85%
type
85%
can't
83%
how
83%
Is
83%
much
83%
was
83%
we're
83%
baby
82%
good
82%
oh
82%
Oh
82%
feel
81%
help
81%
movie
81%
would
81%
wanna
80%
you'd
80%
beautiful
79%
get
79%
Do
77%
God
77%
hurt
76%
I've
76%
like
76%
pictures
76%
seen
75%
staring
75%
The
74%
careful
73%
have
73%
no
73%
No
73%
for
71%
got
71%
kids
71%
looked
71%
loved
71%
time
71%
detail
70%
even
70%
mistake
70%
name
70%
crazy
69%
call
67%
speaks
66%
'Cause
65%
issues
65%
kindly
65%
fuckin'
64%
party
64%
Yeah
64%
don't
63%
it's
63%
remember
63%
life
62%
talk
62%
talented
61%
lips
60%
hips
59%
those
59%
easy
57%
going
57%
moved
57%
Never
56%
matter
55%
controlling
54%
doesn't
54%
Well
54%
makes
52%
both
51%
butthurt
51%
fine
51%
read
50%
upset
48%
tell
47%
traveled
45%
woah
12%
No matching quizzes found
Score Distribution
Percent of People with Each Score
Percentile by Number Answered
Your Score History
You have not taken this quiz